000
00329pab a2200145 454500
008
180718b1987 xxu||||| |||| 00| 0 eng d
100
_a
Gandhi, Rajiv
245
_a
National water policy
260
_c
1987
300
_a
154-6
362
_a
Oct.-Dec.
650
_a
Water Supply - India
773
_a
Bhagirath
909
_a
20623
999
_c
20623
_d
20623